FIGHTING CHESS: GAMES & CAREER (Record no. 371924)

MARC details
000 -LEADER
fixed length control field 00427nam a2200157Ia 4500
008 - FIXED-LENGTH DATA ELEMENTS--GENERAL INFORMATION
fixed length control field 100122s9999 xx 000 0 und d
082 ## - DEWEY DECIMAL CLASSIFICATION NUMBER
Item number 38250
Classification number 794.147
100 ## - MAIN ENTRY--PERSONAL NAME
Personal name AUTHOR TO ENTER
245 ## - TITLE STATEMENT
Title FIGHTING CHESS: GAMES & CAREER
260 ## - PUBLICATION, DISTRIBUTION, ETC. (IMPRINT)
Name of publisher, distributor, etc B.T. BATSFORD LTD
Date of publication, distribution, etc 1905
300 ## - PHYSICAL DESCRIPTION
Extent 183
630 ## - SUBJECT ADDED ENTRY--UNIFORM TITLE
Uniform title FIGHTING CHESS: GAMES & CAREER
700 ## - ADDED ENTRY--PERSONAL NAME
Personal name AUTHOR TO ENTER
730 ## - ADDED ENTRY--UNIFORM TITLE
Uniform title FIGHTING CHESS: GAMES & CAREER
942 ## - ADDED ENTRY ELEMENTS (KOHA)
Koha item type Book
Holdings
Withdrawn status Lost status Damaged status Not for loan Home library Current library Date acquired Cost, normal purchase price Total Checkouts Full call number Barcode Date last seen Cost, replacement price Price effective from Koha item type Public note
        S.V. Pathak Library, Vile Parle S.V. Pathak Library, Vile Parle 02/04/1985 100.00   38250 SVPPARLE-38250 01/25/2010 100.00 01/25/2010 Book ", , , NA"